| 000 | 00470nam a2200181Ia 4500 | ||
|---|---|---|---|
| 005 | 20250326141628.0 | ||
| 008 | 250326s9999 xx 000 0 und d | ||
| 037 | _aTextbook | ||
| 040 |
_aFMSL _beng _cFMSL |
||
| 041 |
_aeng _2eng |
||
| 084 | _qFMSL | ||
| 100 | _aIndia Govt. Of..... | ||
| 245 | 0 |
_aHandbook of indigous manufactures _cIndia Govt. Of..... |
|
| 260 |
_aGovt _bGovt, of India _c1990 |
||
| 300 | _a563p | ||
| 942 | _cTB | ||
| 999 |
_c1291214 _d1291214 |
||